000 00903nam a2200229Ia 4500
008 130821s1998 ck gr spa
020 _a9589628702
040 _aCo-BoUCM
_bspa
041 0 0 _aspa
245 0 3 _aEl saqueo de una ilusión el 9 de abril, 50 años después
_cEditor Guillermo González Uribe.
250 _a2a. ed.
260 _aBogotá (Cundinamarca, Colombia)
_bMinisterio de Cultura
_c1998
300 _a213 páginas
600 _aGaitán Mahecha, Jorge Eliecer
_d1898-1948
_d1903-1948
_9123760
650 0 4 _aHistoria de Colombia
_926508
650 0 4 _aInsurrección del 9 de abril de 1948
_917817
651 _aBogotá (Colombia)
_xHistoria
_d1947
_926816
651 _aColombia
_xHistoria
_yPeriodo de la violencia
_y1947-1957
_926606
700 _aGonzález Uribe, Guillermo
_eed.
_9157244
942 _cLIBRO
_a21
_e2
_mS16
_2DEWEY
_h986.10632
999 _c25537
_d25537